| 000 | 01038nam0a2200301 4500 | ||
|---|---|---|---|
| 001 | RU\NLR\bibl\1330482 | ||
| 005 | 20260405114210.0 | ||
| 010 |
_a978-5-388-00577-9 _94000 |
||
| 021 |
_aRU _b2008-100021 _95881 |
||
| 035 | _a(NLR Aleph) 001315718 | ||
| 090 |
_a707803 _c707803 |
||
| 100 | _a20090217d2009 |||y0rusy50 ca | ||
| 101 | 0 | _arus | |
| 102 | _aRU | ||
| 105 | _aa ||||||||| | ||
| 200 | 1 |
_aAutoCAD 2009 _fТатьяна Соколова |
|
| 210 |
_aСанкт-Петербург [и др.] _cПитер _d2009 |
||
| 215 |
_a172 с. _cил. _d21 |
||
| 225 | 1 | _aНачали! | |
| 606 | 1 |
_aAutoCAD 2009, система автоматизированного проектирования _92532242 _3RU\NLR\auth\661499835 |
|
| 686 | _aЖ2-5-05 | ||
| 700 | 1 |
_4070 _8rus _7ca _aСоколова _bТ. Ю. _cканд. техн. наук _gТатьяна Юрьевна _3RU\NLR\auth\7744777 _927717 |
|
| 801 | 0 |
_aRU _bNLR _c20090217 _gRCR |
|
| 801 | 1 |
_aRU _bNLR _c20090217 |
|
| 942 | _cBOOK | ||
| 980 | _aNB | ||